Istanbul Başakşehir Best Scorer By Year - Statistics

General Stats
  • This quiz has been taken 146 times
    49 since last reset
  • The average score is 5 of 15
Answer Stats
Player % Correct
Edin Višća
89%
Krzysztof Piątek
87%
Demba Ba
69%
Emmanuel Adebayor
62%
Stefano Okaka
38%
Semih Şentürk
36%
Pierre Webó
22%
Danijel Aleksić
13%
Fredrik Gulbrandsen
13%
Hervé Tum
13%
İbrahim Akın
13%
Necati Ateş
13%
İskender Alın
11%
Samuel Holmén
9%
Erman Kılıç
7%
No matching quizzes found
Score Distribution
Percent of People with Each Score
Percentile by Number Answered
Your Score History
You have not taken this quiz since the last reset